[Event "16th Sants Open 2014"]
[Site "Barcelona ESP"]
[Date "2014.08.22"]
[Round "1.54"]
[White "Bergez, Luc"]
[Black "Cemborain Oricain, Alfonso"]
[Result "1-0"]
[WhiteTitle "IM"]
[WhiteElo "2368"]
[BlackElo "1940"]
[WhiteFideId "606600"]
[BlackFideId "2274345"]
[EventDate "2014.08.22"]

1. e4 c6 2. c4 d5 3. exd5 cxd5 4. cxd5 Nf6 5. Qa4+ Bd7 6. Qb3 Bc8 7. Nc3 g6 8.
Bb5+ Nfd7 9. d4 Bg7 10. Nf3 O-O 11. O-O a6 12. Bd3 b5 13. a4 bxa4 14. Nxa4 Ra7
15. Re1 Bb7 16. Bf4 Nf6 17. Bxb8 Bxd5 18. Qxd5 Nxd5 19. Bxa7 Nb4 20. Be4 f5 21.
Bb1 Nc6 22. Bb6 Qb8 23. Bc5 Re8 24. Ba2+ Kh8 25. Bd5 Nb4 26. Bf7 Rf8 27. Rxe7
Nc6 28. Rd7 Qb5 29. Bxf8 1-0

[Event "16th Sants Open 2014"]
[Site "Barcelona ESP"]
[Date "2014.08.22"]
[Round "1.55"]
[White "Salagran Ferragut, Guillem"]
[Black "Midoux, Sebastien"]
[Result "1/2-1/2"]
[WhiteElo "1938"]
[BlackElo "2368"]
[WhiteFideId "2241897"]
[BlackFideId "611140"]
[EventDate "2014.08.22"]

1. e4 c6 2. Nc3 d5 3. Nf3 g6 4. d4 Bg4 5. e5 Nh6 6. Be2 f6 7. Bf4 Nf7 8. exf6
exf6 9. Qd2 Bb4 10. a3 Be7 11. h3 Bc8 12. O-O Nd7 13. b4 Nf8 14. Na4 Nd6 15.
Bxd6 Qxd6 16. Nc5 b6 17. Nb3 g5 18. b5 cxb5 19. Bxb5+ Kf7 20. c4 dxc4 21. Bxc4+
Kg7 22. Rfe1 Ng6 23. d5 Rd8 24. Nbd4 Ne5 25. Nxe5 fxe5 26. Nf3 h6 27. Re3 Bb7
28. Rae1 b5 29. Nd4 Kh8 30. Nxb5 Qc5 31. Rxe5 Bf8 32. R5e4 a6 33. Nc3 Rac8 34.
Rb1 Ba8 35. Na4 Qxa3 36. Nb6 Rb8 37. Re6 Bg7 38. Rc1 Qf8 39. Nxa8 Rxa8 40. Bxa6
Qf5 41. Bb7 Rab8 42. Re7 Bf6 43. Rf7 Kg8 44. g4 Qg6 45. Rcc7 Be5 46. Rce7 Bf6
47. Rc7 Be5 48. Rce7 1/2-1/2

[Event "16th Sants Open 2014"]
[Site "Barcelona ESP"]
[Date "2014.08.22"]
[Round "1.56"]
[White "Gullaksen, Eirik"]
[Black "Karaivanov, Alexander"]
[Result "1-0"]
[WhiteTitle "IM"]
[WhiteElo "2361"]
[BlackElo "1938"]
[WhiteFideId "1500945"]
[BlackFideId "2905299"]
[EventDate "2014.08.22"]

1. e4 d6 2. d4 Nf6 3. Nc3 e5 4. Nf3 Nbd7 5. Bc4 Be7 6. O-O Nb6 7. Bb3 exd4 8.
Qxd4 O-O 9. h3 Nfd7 10. Bf4 Bf6 11. Qd2 Re8 12. Rfe1 Nc5 13. Rad1 Nxb3 14. cxb3
Be6 15. Nd4 Bd7 16. a4 Bxd4 17. Qxd4 Bc6 18. Re3 Nd7 19. Rg3 Qf6 20. Qe3 Nf8 21.
Bg5 Qe6 22. Qd4 Ng6 23. b4 f6 24. Bc1 b6 25. Re3 Bb7 26. Re2 Ne5 27. b5 Qc4 28.
Be3 Rad8 29. Rc2 Qb3 30. Rdc1 c5 31. bxc6 Nxc6 32. Qd5+ Qxd5 33. Nxd5 Rxe4 34.
Rxc6 Bxc6 35. Rxc6 Rxa4 36. Rc7 Kf8 37. Kh2 Ra5 38. Nf4 Re8 39. Rd7 Rb5 40. Rxa7
Rxb2 41. Rd7 Re7 42. Rxd6 Rb7 43. h4 Rb5 44. Nd5 h5 45. Nxb6 Ke7 46. Nc8+ Ke8
47. Rd2 1-0

[Event "16th Sants Open 2014"]
[Site "Barcelona ESP"]
[Date "2014.08.22"]
[Round "1.57"]
[White "Serefidou, Despina"]
[Black "Schroeder, Jan-Christian"]
[Result "0-1"]
[BlackTitle "FM"]
[WhiteElo "1938"]
[BlackElo "2367"]
[WhiteFideId "4218787"]
[BlackFideId "24662259"]
[EventDate "2014.08.22"]

1. e4 e5 2. Nf3 Nc6 3. Nc3 Nf6 4. d4 exd4 5. Nxd4 Bb4 6. Nxc6 bxc6 7. Bd3 d5 8.
exd5 cxd5 9. O-O O-O 10. h3 Re8 11. Qf3 c6 12. Bf4 Bd6 13. Rfe1 Be6 14. b3 Bxf4
15. Qxf4 Qa5 16. Ne2 c5 17. c3 Rad8 18. b4 cxb4 19. cxb4 Qa3 20. Bb5 Bd7 21.
Bxd7 Nxd7 22. Ng3 Nf8 23. Nf5 Qc3 24. Rec1 Qf6 25. Qf3 Ne6 26. Rd1 Ng5 27. Qf4
Re4 28. Qc7 Ne6 0-1

[Event "16th Sants Open 2014"]
[Site "Barcelona ESP"]
[Date "2014.08.22"]
[Round "1.58"]
[White "Strunski, Andreas"]
[Black "Garcia Espelta, Josep"]
[Result "1-0"]
[WhiteTitle "IM"]
[WhiteElo "2352"]
[BlackElo "1936"]
[WhiteFideId "24606073"]
[BlackFideId "2269392"]
[EventDate "2014.08.22"]

1. d4 d5 2. c4 c6 3. Nc3 e6 4. Nf3 dxc4 5. e3 b5 6. a4 Bb4 7. Bd2 a5 8. axb5
Bxc3 9. Bxc3 cxb5 10. b3 Bb7 11. bxc4 b4 12. Bb2 Nf6 13. Bd3 O-O 14. O-O Nbd7
15. Qc2 Qc7 16. Rfc1 h6 17. c5 Rfc8 18. e4 Qc6 19. Re1 a4 20. Qd2 a3 21. Bc1 Qa4
22. Bc2 Qb5 23. Bd3 Qa4 24. Bc2 Qb5 25. Re3 Rcb8 26. e5 Nd5 27. Rb3 Nxc5 28.
dxc5 Qxc5 29. Qd3 g6 30. Qd2 Rc8 31. Bxg6 fxg6 32. Qxh6 Qc2 33. Bg5 Qxb3 34.
Qxg6+ Kf8 35. Nd4 Ne7 36. Qf6+ Kg8 37. Nxb3 Bd5 38. Qxe7 Rf8 39. Bf6 Rf7 40.
Qxb4 1-0

[Event "16th Sants Open 2014"]
[Site "Barcelona ESP"]
[Date "2014.08.22"]
[Round "1.59"]
[White "Alcaraz Lopez, Francesc"]
[Black "Colon Garcia, Enrique"]
[Result "0-1"]
[BlackTitle "FM"]
[WhiteElo "1935"]
[BlackElo "2343"]
[WhiteFideId "2264153"]
[BlackFideId "2285940"]
[EventDate "2014.08.22"]

1. c4 e5 2. Nc3 Nf6 3. Nf3 Nc6 4. d4 exd4 5. Nxd4 Bb4 6. Nxc6 bxc6 7. Qc2 O-O 8.
e3 Re8 9. Be2 Ne4 10. Bd2 Nxd2 11. Qxd2 a5 12. O-O d6 13. a3 Bxc3 14. Qxc3 Qg5
15. Bf3 Bd7 16. Rfd1 Re6 17. g3 Rf6 18. Bg2 Re8 19. Rd4 c5 20. Rd5 Qg4 21. h3
Qe6 22. Rd2 a4 23. b3 h5 24. Re1 Qe7 25. b4 Rf5 26. b5 h4 27. g4 Re5 28. e4 g5
29. Qc2 Ra8 30. Red1 Ra7 31. Rd5 f6 32. Qd2 Be6 33. Rxe5 fxe5 34. Qd3 Kf7 35.
Bf1 Qd8 36. b6 cxb6 37. Qxd6 Rd7 38. Qxe5 Rxd1 0-1

[Event "16th Sants Open 2014"]
[Site "Barcelona ESP"]
[Date "2014.08.22"]
[Round "1.60"]
[White "Hernando Rodrigo, Julio Antonio"]
[Black "Ayats Llobera, Gerard"]
[Result "1-0"]
[WhiteTitle "FM"]
[WhiteElo "2342"]
[BlackElo "1934"]
[WhiteFideId "2208350"]
[BlackFideId "32067607"]
[EventDate "2014.08.22"]

1. d4 Nf6 2. c4 g6 3. g3 Bg7 4. Bg2 O-O 5. Nc3 d6 6. Nf3 Nbd7 7. O-O a6 8. e4 e5
9. dxe5 dxe5 10. Qc2 Qe7 11. Nd5 Nxd5 12. cxd5 Nf6 13. Be3 Rd8 14. Bc5 Qe8 15.
Nd2 Bd7 16. Qb3 b6 17. Ba3 Bb5 18. Rfe1 Bh6 19. f4 Nh5 20. Nf3 Bg7 21. fxe5 Bxe5
22. Nxe5 Qxe5 23. Bb4 Re8 24. Bc3 Qe7 25. a4 Bd7 26. Qd1 Rad8 27. a5 Bb5 28.
axb6 cxb6 29. Bf3 Ng7 30. Kg2 Qf8 31. Qd4 h5 32. Qxb6 Kh7 33. Qf6 Rd6 34. Qf4
Rd7 35. g4 hxg4 36. Bxg4 Rb7 37. Re3 f5 38. Rh3+ Kg8 39. exf5 gxf5 40. Bf3 Be2
41. d6 Bxf3+ 42. Qxf3 Rd7 43. Qd5+ Qf7 44. Qxf7+ Kxf7 45. Rxa6 Re6 46. Rh7 Rg6+
47. Kf3 Rg1 48. Rc6 Ke6 49. Rc7 Rxd6 50. Rhxg7 1-0

[Event "16th Sants Open 2014"]
[Site "Barcelona ESP"]
[Date "2014.08.22"]
[Round "1.61"]
[White "Sanguinetti, Edoardo"]
[Black "Vidarte Morales, Arturo"]
[Result "0-1"]
[BlackTitle "IM"]
[WhiteElo "1932"]
[BlackElo "2326"]
[WhiteFideId "839965"]
[BlackFideId "3800253"]
[EventDate "2014.08.22"]

1. e4 c5 2. Nc3 e6 3. g3 Nc6 4. Bg2 g6 5. d3 Bg7 6. f4 d6 7. Nf3 Nge7 8. O-O O-O
9. Be3 Nd4 10. Rb1 Bd7 11. Ne2 Nxf3+ 12. Bxf3 Bc6 13. g4 f5 14. Ng3 b6 15. c3
Qd7 16. Re1 Rae8 17. h3 d5 18. exf5 exf5 19. d4 c4 20. gxf5 Nxf5 21. Bg4 Re6 22.
Bxf5 gxf5 23. Bd2 Rg6 24. Kh2 Ba4 25. b3 cxb3 26. axb3 Bc6 27. Qf3 Qd6 28. Nh1
Re8 29. Rxe8+ Bxe8 30. Nf2 Bb5 31. Rg1 Rxg1 32. Kxg1 Qe6 33. Nd3 Qe4 34. Qxe4
dxe4 35. Ne5 Be2 36. Kf2 Bd1 37. b4 a5 38. bxa5 bxa5 39. Nc6 a4 40. Ne7+ Kf7 41.
Nxf5 Bf8 42. c4 Bb3 43. c5 Be6 44. Ng3 Bxh3 45. Nxe4 Bf5 46. Nc3 Bc2 47. Bc1 Bb3
48. Ba3 Ke6 49. Kf3 h5 50. Ke4 Bc2+ 51. Kf3 Bb3 52. d5+ Bxd5+ 53. Nxd5 Kxd5 54.
c6 Bd6 55. Kg3 Kxc6 56. Bb2 Kd5 57. Kh4 Bxf4 58. Kxh5 Kc4 59. Kg4 Kb3 60. Bf6
Bd2 61. Kf3 a3 62. Ke2 Bc3 0-1

[Event "16th Sants Open 2014"]
[Site "Barcelona ESP"]
[Date "2014.08.22"]
[Round "1.62"]
[White "Sowray, Peter J"]
[Black "Fischer-Brandies, Alexander"]
[Result "1-0"]
[WhiteTitle "FM"]
[WhiteElo "2325"]
[BlackElo "1931"]
[WhiteFideId "400971"]
[BlackFideId "24632104"]
[EventDate "2014.08.22"]

1. d4 Nf6 2. c4 c5 3. d5 b5 4. cxb5 a6 5. f3 e6 6. e4 Bb7 7. Nc3 exd5 8. exd5 d6
9. bxa6 Nxa6 10. Bb5+ Nd7 11. Qe2+ Be7 12. Bg5 f6 13. Bf4 Kf8 14. Nh3 Nb4 15.
O-O Nxd5 16. Nxd5 Bxd5 17. Rfd1 Nb6 18. Rxd5 Nxd5 19. Bc6 Nc7 20. Bxa8 Nxa8 21.
Rd1 g5 22. Bg3 Kg7 23. f4 h6 24. fxg5 hxg5 25. Nf2 d5 26. Qe6 d4 27. Ne4 Nc7 28.
Qc6 Qd5 29. Qxc7 Qxe4 30. Re1 1-0

[Event "16th Sants Open 2014"]
[Site "Barcelona ESP"]
[Date "2014.08.22"]
[Round "1.63"]
[White "Penalver, Marion"]
[Black "Lillo Castany, Victor"]
[Result "0-1"]
[BlackTitle "FM"]
[WhiteElo "1930"]
[BlackElo "2319"]
[WhiteFideId "649856"]
[BlackFideId "2278995"]
[EventDate "2014.08.22"]

1. e4 c5 2. Nf3 d6 3. d4 cxd4 4. Nxd4 Nf6 5. Nc3 Nc6 6. Bc4 Qb6 7. Nxc6 bxc6 8.
O-O g6 9. Rb1 Bg7 10. Be3 Qc7 11. f3 O-O 12. Qd2 Bb7 13. Rbd1 d5 14. exd5 cxd5
15. Bb3 Rfd8 16. Qf2 e5 17. Nb5 Qa5 18. a4 d4 19. Bd2 Qb6 20. Rfe1 Rd7 21. Kh1
e4 22. fxe4 Nxe4 23. Qg1 Re8 24. c3 a6 25. Nxd4 Bxd4 26. cxd4 Qxb3 0-1

[Event "16th Sants Open 2014"]
[Site "Barcelona ESP"]
[Date "2014.08.22"]
[Round "1.64"]
[White "Vehi Bach, Victor Manuel"]
[Black "Garcia Martin, Marta"]
[Result "1/2-1/2"]
[WhiteTitle "IM"]
[WhiteElo "2316"]
[BlackElo "1929"]
[WhiteFideId "2200228"]
[BlackFideId "32084030"]
[EventDate "2014.08.22"]

1. e4 e5 2. Nf3 Nc6 3. Nc3 Nf6 4. Bb5 Bb4 5. O-O O-O 6. d3 d6 7. Ne2 Ne7 8. c3
Ba5 9. Ng3 c6 10. Ba4 Ng6 11. Re1 Re8 12. Bc2 Be6 13. h3 h6 14. d4 Bb6 15. Be3
Qc7 16. a4 Rad8 17. Qc1 Kh7 18. Nf5 Bxf5 19. exf5 Nf8 20. b4 e4 21. a5 exf3 22.
axb6 axb6 23. g4 Nd5 24. Bd2 Rxe1+ 25. Qxe1 b5 26. Qe4 f6 27. Qxf3 Re8 28. Kg2
Qe7 29. Bd3 Qf7 30. h4 Nb6 31. Ra7 Re7 32. Bf4 Rd7 33. Ra1 Nd5 34. Bd2 Nb6 35.
g5 Qe8 36. Qg3 Nc4 37. Bf4 d5 38. Kh2 Qh5 39. g6+ Kg8 40. Bxc4 dxc4 41. Ra8 Qxf5
42. Be3 Qe4 43. d5 Re7 44. Qb8 Qxh4+ 45. Kg2 Qg4+ 1/2-1/2

[Event "16th Sants Open 2014"]
[Site "Barcelona ESP"]
[Date "2014.08.22"]
[Round "1.65"]
[White "Jul Perez, Alberto"]
[Black "Pogan, Nikolas"]
[Result "0-1"]
[BlackTitle "FM"]
[WhiteElo "1928"]
[BlackElo "2313"]
[WhiteFideId "3516270"]
[BlackFideId "24673579"]
[EventDate "2014.08.22"]

1. e4 d6 2. d4 Nf6 3. Nc3 e5 4. Nf3 Nbd7 5. Be3 Be7 6. Be2 a6 7. a4 b6 8. O-O
O-O 9. Nd2 Bb7 10. f4 exd4 11. Bxd4 c5 12. Bxf6 Bxf6 13. Bf3 Re8 14. Re1 Bd4+
15. Kh1 Re6 16. Nc4 Rh6 17. h3 Nf8 18. Ne3 Bxe3 19. Rxe3 Ne6 20. Ne2 Qh4 21. Qe1
Nxf4 22. Qxh4 Rxh4 23. Ng3 Rh6 24. Rd1 Rd8 25. Bg4 Bc6 26. Nf5 Re6 27. Ng3 Re5
28. Rf3 Ng6 29. Rfd3 d5 30. exd5 Rexd5 31. Rxd5 Rxd5 32. Rxd5 Bxd5 33. Nf5 Kf8
34. Kg1 Be6 35. Kf2 h5 0-1

[Event "16th Sants Open 2014"]
[Site "Barcelona ESP"]
[Date "2014.08.22"]
[Round "1.66"]
[White "Sorm, Daniel"]
[Black "Urrutia Gonzalez, Javier"]
[Result "1-0"]
[WhiteTitle "FM"]
[WhiteElo "2312"]
[BlackElo "1927"]
[WhiteFideId "5400139"]
[BlackFideId "22255630"]
[EventDate "2014.08.22"]

1. d4 Nf6 2. c4 g6 3. Nc3 d5 4. cxd5 Nxd5 5. e4 Nxc3 6. bxc3 Bg7 7. Nf3 c5 8.
Be2 Nc6 9. d5 Bxc3+ 10. Bd2 Bxd2+ 11. Qxd2 Nd4 12. Nxd4 cxd4 13. O-O O-O 14.
Qxd4 f6 15. Rab1 Qd6 16. Rfc1 Rd8 17. Qe3 Kg7 18. Rb3 e6 19. dxe6 Bxe6 20. Rxb7+
Rd7 21. Rxd7+ Qxd7 22. e5 Rf8 23. exf6+ Rxf6 24. Qe5 Bf7 25. Rc7 Qd2 26. Rxf7+
Kxf7 27. Bc4+ 1-0

[Event "16th Sants Open 2014"]
[Site "Barcelona ESP"]
[Date "2014.08.22"]
[Round "1.68"]
[White "Peelen, Piet"]
[Black "Severri Arrese, Carlos"]
[Result "1-0"]
[WhiteTitle "IM"]
[WhiteElo "2303"]
[BlackElo "1915"]
[WhiteFideId "1000403"]
[BlackFideId "2221918"]
[EventDate "2014.08.22"]

1. d4 d6 2. Nf3 g6 3. c4 Bg7 4. e4 Bg4 5. Be2 Nd7 6. Nc3 Ngf6 7. O-O Bxf3 8.
Bxf3 c6 9. Bg5 Qc7 10. Qd2 e5 11. d5 h6 12. Be3 g5 13. dxc6 bxc6 14. Rfd1 Bf8
15. b4 Be7 16. h3 Nf8 17. Rac1 Ne6 18. Nd5 cxd5 19. cxd5 Qd7 20. dxe6 fxe6 21.
Qd3 Qb7 22. b5 Kf7 23. Rc6 Rhd8 24. Rdc1 Ne8 25. Bh5+ Kf8 26. Bxe8 Rxe8 27. Rc7
Qb8 28. a4 Kf7 29. Qxd6 Kf6 30. Qd1 Bd8 31. Qf3+ 1-0

[Event "16th Sants Open 2014"]
[Site "Barcelona ESP"]
[Date "2014.08.22"]
[Round "1.70"]
[White "De Marchi, Olivier"]
[Black "Izagirre Alsua, Aritz"]
[Result "1-0"]
[WhiteTitle "FM"]
[WhiteElo "2299"]
[BlackElo "1913"]
[WhiteFideId "613517"]
[BlackFideId "2294001"]
[EventDate "2014.08.22"]

1. d4 d5 2. c4 c6 3. Nc3 Nf6 4. e3 a6 5. Nf3 b5 6. b3 Bg4 7. h3 Bxf3 8. gxf3
Nbd7 9. f4 e6 10. c5 g6 11. Bd3 Bg7 12. Bb2 Nh5 13. Qc2 a5 14. Ne2 b4 15. a3 O-O
16. axb4 axb4 17. Rxa8 Qxa8 18. O-O Qb7 19. Ra1 Ra8 20. Ra4 f6 21. Bxg6 hxg6 22.
Qxg6 Rxa4 23. bxa4 Qa6 24. Qe8+ Nf8 25. Qxh5 Qd3 26. Nc1 Qb1 27. Qe2 Nd7 28. Kh2
e5 29. a5 exf4 30. exf4 f5 31. a6 1-0

[Event "16th Sants Open 2014"]
[Site "Barcelona ESP"]
[Date "2014.08.22"]
[Round "1.71"]
[White "Svendsen, Peter"]
[Black "Gurevich, Daniel"]
[Result "1/2-1/2"]
[BlackTitle "FM"]
[WhiteElo "1913"]
[BlackElo "2298"]
[WhiteFideId "1405250"]
[BlackFideId "2044676"]
[EventDate "2014.08.22"]

1. d4 Nf6 2. c4 g6 3. Nc3 Bg7 4. e4 d6 5. Bg5 c5 6. d5 h6 7. Bh4 O-O 8. f4 Re8
9. Bd3 e6 10. dxe6 Bxe6 11. Nge2 g5 12. fxg5 Ng4 13. Qd2 Ne5 14. O-O Nxd3 15.
Qxd3 hxg5 16. Bg3 Nc6 17. Nd5 Ne5 18. Qc2 a6 19. a4 b5 20. axb5 Bxd5 21. exd5
axb5 22. Rxa8 Qxa8 23. cxb5 Qxd5 24. Nc3 Qd4+ 25. Kh1 Nd3 26. b6 c4 27. b7 Qb6
28. Nd5 Qxb7 29. Qxc4 Nxb2 30. Qa2 Ra8 31. Ne7+ Qxe7 32. Qxa8+ Kh7 33. Qd5 Kg8
34. Bxd6 Qe6 35. Qa8+ Kh7 36. Bg3 f5 37. Qf3 Kg6 38. Re1 Qd7 39. Qe2 f4 40. Bf2
Nd3 41. Rb1 Bf6 42. Bg1 Ne5 43. Qe4+ Qf5 44. Qxf5+ Kxf5 45. Bd4 g4 46. Bxe5 Bxe5
47. Rb5 f3 48. gxf3 gxf3 49. Kg1 Kf6 50. h3 Bd4+ 51. Kf1 Kg6 52. Rb3 f2 53. Rf3
Kg5 54. Kg2 Ba7 55. Kg3 Kh5 56. Rf5+ Kg6 57. Kg4 Be3 58. h4 Kh6 59. Rf6+ Kg7 60.
Rf3 Kh6 61. h5 Bd4 62. Rf5 1/2-1/2

[Event "16th Sants Open 2014"]
[Site "Barcelona ESP"]
[Date "2014.08.22"]
[Round "1.72"]
[White "Ekeberg, Carl Fredrik"]
[Black "Farre Buil, Carles"]
[Result "1/2-1/2"]
[WhiteTitle "FM"]
[WhiteElo "2294"]
[BlackElo "1908"]
[WhiteFideId "1502654"]
[BlackFideId "2298597"]
[EventDate "2014.08.22"]

1. c4 Nf6 2. Nf3 g6 3. Nc3 Bg7 4. g3 c5 5. Bg2 Nc6 6. d4 cxd4 7. Nxd4 O-O 8. O-O
Qb6 9. Nb3 d6 10. Nd5 Nxd5 11. cxd5 Na5 12. Nd2 Bd7 13. Rb1 Rfc8 14. b3 Qc7 15.
Bb2 Qc2 16. Be4 Qxd1 17. Rfxd1 Bb5 18. Kf1 f5 19. Bd3 Bxd3 20. exd3 b5 21. b4
Bxb2 22. Rxb2 Nb7 23. Nf3 a6 24. Nd4 Nd8 25. a4 bxa4 26. Ra1 Kf7 27. Rxa4 e5 28.
dxe6+ Nxe6 29. Nxe6 Kxe6 30. Rba2 Rc1+ 31. Ke2 Rb1 32. Rxa6 Rxa6 33. Rxa6 Rxb4
34. Ra7 h5 35. Rg7 Kf6 36. Rd7 Ke6 37. Rg7 1/2-1/2

[Event "16th Sants Open 2014"]
[Site "Barcelona ESP"]
[Date "2014.08.22"]
[Round "1.73"]
[White "Casset Bello, Elena"]
[Black "Piepho, Niels"]
[Result "0-1"]
[WhiteElo "1903"]
[BlackElo "2293"]
[WhiteFideId "2285568"]
[BlackFideId "4624262"]
[EventDate "2014.08.22"]

1. d4 g6 2. c4 Bg7 3. e4 d6 4. Nf3 Nf6 5. Nc3 O-O 6. Be2 Nc6 7. O-O e5 8. d5 Ne7
9. b4 Nh5 10. Re1 f5 11. Ng5 Nf6 12. Bf3 c6 13. Bb2 h6 14. Ne6 Bxe6 15. dxe6 Qc7
16. Qb3 Rfd8 17. Red1 a5 18. a3 Kh7 19. Rac1 axb4 20. axb4 fxe4 21. Nxe4 Nxe4
22. Bxe4 Rf8 23. Rc2 Rf6 24. b5 Rxe6 25. h4 Kh8 26. Ba3 Nf5 27. Bxf5 gxf5 28.
Rcd2 Rd8 29. Qd3 Qf7 30. Qe2 Qf6 31. h5 Bf8 32. Bb2 Rde8 33. Rd3 Kh7 34. f4 exf4
35. Qd2 Qg5 36. Qc3 Re5 37. c5 Bg7 38. cxd6 R5e7 39. Qc2 Re2 0-1

[Event "16th Sants Open 2014"]
[Site "Barcelona ESP"]
[Date "2014.08.22"]
[Round "1.74"]
[White "Chalmeta Ugas, Ramon"]
[Black "Campos Chacon, Marco"]
[Result "1-0"]
[WhiteTitle "FM"]
[WhiteElo "2292"]
[BlackElo "1899"]
[WhiteFideId "2256339"]
[BlackFideId "32029217"]
[EventDate "2014.08.22"]

1. e4 e5 2. Nf3 Nc6 3. d4 exd4 4. Nxd4 Bb4+ 5. c3 Bc5 6. Be3 Bb6 7. Bc4 Nge7 8.
O-O O-O 9. Qh5 Nxd4 10. cxd4 d5 11. exd5 Nf5 12. Nc3 Nd6 13. Bd3 f5 14. Bg5 Qe8
15. Qh4 h6 16. Bd2 Qd8 17. Qxd8 Rxd8 18. Be3 Bd7 19. Rad1 g5 20. f4 Re8 21. Bf2
Kg7 22. Bc2 Nc4 23. b3 Ne3 24. Bxe3 Rxe3 25. Na4 Ba5 26. fxg5 Bb5 27. gxh6+ Kxh6
28. Rxf5 Rae8 29. d6 Re1+ 30. Kf2 R1e2+ 31. Kf3 Rxc2 32. Rxb5 Rce2 33. Rxa5
R8e3+ 34. Kf4 cxd6 35. Rd5 Re6 36. Rd3 Rf6+ 37. Rf5 Rfe6 38. Rh3+ Kg6 39. Rg3+
Kh6 40. Nc3 Re1 41. Rf8 Rf1+ 42. Rf3 Rfe1 43. Kg3 1-0

[Event "16th Sants Open 2014"]
[Site "Barcelona ESP"]
[Date "2014.08.22"]
[Round "1.75"]
[White "Colom Andres, Xavier"]
[Black "Kvisvik, Brede"]
[Result "0-1"]
[BlackTitle "FM"]
[WhiteElo "1894"]
[BlackElo "2290"]
[WhiteFideId "2219956"]
[BlackFideId "1502999"]
[EventDate "2014.08.22"]

1. Nf3 d5 2. c4 Nf6 3. g3 d4 4. Bg2 c5 5. e3 Nc6 6. exd4 cxd4 7. d3 e5 8. O-O
Bd6 9. Re1 O-O 10. b3 Re8 11. Bb2 Bg4 12. Nbd2 Nb4 13. Qb1 a5 14. Ng5 Qd7 15. a3
Na6 16. Nde4 Nxe4 17. Nxe4 Bf8 18. Qc1 Bh3 19. Bh1 h6 20. f4 Rad8 21. Qd2 Be7
22. Nf2 exf4 23. Nxh3 Qxh3 0-1

[Event "16th Sants Open 2014"]
[Site "Barcelona ESP"]
[Date "2014.08.22"]
[Round "1.76"]
[White "Gonzalez Valero, Julio"]
[Black "Serra Canals, Oriol"]
[Result "1-0"]
[WhiteElo "2288"]
[BlackElo "1892"]
[WhiteFideId "2218810"]
[BlackFideId "22276084"]
[EventDate "2014.08.22"]

1. d4 e6 2. c4 d5 3. Nc3 Be7 4. Nf3 Nf6 5. Bg5 h6 6. Bxf6 Bxf6 7. e3 O-O 8. Qb3
c6 9. Bd3 a6 10. a4 Nd7 11. O-O Nb6 12. Rfd1 Qc7 13. e4 dxc4 14. Bxc4 c5 15. a5
Nd7 16. e5 Be7 17. Bxe6 cxd4 18. Nd5 Nc5 19. Nxc7 1-0

[Event "16th Sants Open 2014"]
[Site "Barcelona ESP"]
[Date "2014.08.22"]
[Round "1.77"]
[White "Calvo Simon, Jorge"]
[Black "Kenneskog, Theodor"]
[Result "0-1"]
[WhiteElo "1889"]
[BlackElo "2285"]
[WhiteFideId "22216340"]
[BlackFideId "1715011"]
[EventDate "2014.08.22"]

1. e4 c5 2. Nf3 d6 3. d4 cxd4 4. Nxd4 Nf6 5. Nc3 a6 6. Be3 e5 7. Nb3 Be6 8. h3
Nbd7 9. f4 Rc8 10. f5 Bxb3 11. axb3 Rxc3 12. bxc3 Nxe4 13. Qf3 d5 14. Bd3 Nxc3
15. Bd2 e4 16. Qe3 Bc5 17. Qg3 exd3 18. Qxd3 Qh4+ 0-1

[Event "16th Sants Open 2014"]
[Site "Barcelona ESP"]
[Date "2014.08.22"]
[Round "1.78"]
[White "Delorme, Alban"]
[Black "Galiana Fernandez, Adrian"]
[Result "1-0"]
[WhiteTitle "FM"]
[WhiteElo "2280"]
[BlackElo "1889"]
[WhiteFideId "623636"]
[BlackFideId "32010150"]
[EventDate "2014.08.22"]

1. e4 c5 2. Nf3 e6 3. b3 d6 4. Bb2 Nf6 5. Bb5+ Bd7 6. Bxd7+ Nbxd7 7. Qe2 Be7 8.
O-O O-O 9. c4 Qc7 10. Nc3 a6 11. d4 cxd4 12. Nxd4 Rac8 13. Kh1 Ne5 14. f4 Nc6
15. Nf3 Nd7 16. Rac1 Qb8 17. Rfd1 Rfd8 18. Rd2 Nc5 19. Ba3 b5 20. cxb5 axb5 21.
b4 Na6 22. Nxb5 Ncxb4 23. Rxc8 Rxc8 24. g3 d5 25. exd5 Nxd5 26. Bxe7 Nxe7 27. a4
Rc1+ 28. Kg2 Nd5 29. f5 Qb6 30. Rxd5 1-0

[Event "16th Sants Open 2014"]
[Site "Barcelona ESP"]
[Date "2014.08.22"]
[Round "1.80"]
[White "Diaz Castro, Sergio"]
[Black "Martinez Pla, Xavier"]
[Result "1-0"]
[WhiteElo "2272"]
[BlackElo "1886"]
[WhiteFideId "2250608"]
[BlackFideId "32074271"]
[EventDate "2014.08.22"]

1. e4 c5 2. Nf3 e6 3. g3 Nc6 4. Bg2 g6 5. d4 cxd4 6. Nxd4 a6 7. Be3 Nge7 8. O-O
Bg7 9. c4 O-O 10. Nc3 Qc7 11. Rc1 Nxd4 12. Bxd4 d6 13. Bxg7 Kxg7 14. Qd2 Bd7 15.
Rfd1 Rfd8 16. Qxd6 Qxd6 17. Rxd6 Be8 18. e5 Nc6 19. f4 Rab8 20. Rcd1 Rdc8 21.
Ne4 Ne7 22. b3 b5 23. Rxa6 bxc4 24. Nd6 Rc7 25. Rb6 Rd8 26. bxc4 Rxc4 27. Rd2
Rc1+ 28. Kf2 Kf8 29. Rdb2 Nf5 30. Be4 Nxd6 31. Rxd6 Rxd6 32. exd6 Rd1 33. Rb6 f5
34. Bb1 Kf7 35. Ke2 Rd5 36. Bd3 Kf6 37. Ke3 Bd7 38. Bc4 Rc5 39. Kd4 Rc8 40. Rb7
Bc6 41. Rc7 1-0